Przedstawiciele renesansu (wybrani) - Statystyki

Ogólne statystyki
  • Ten quiz został rozwiązany 82 razy
  • Średni wynik to 6 z 22
Statystyki odpowiedzi
Hint Odpowiedź % Poprawnych
Malarz, rzeźbiarz Michał Anioł
78%
Pisarz Jan Kochanowski
74%
Inna nazwa renesansu odrodzenie
72%
Astronom Mikołaj Kopernik
70%
Malarz Leonardo Da Vinci
63%
Pisarz Mikołaj Rej
57%
Malarz Rafael Santi
43%
Filozof Erazm z Rotterdamu
30%
Teolog Marcin Luter
20%
Pisarz Andrzej Frycz-Modrzewski
17%
Pisarz William Szekspir
15%
Teolog Piotr Skarga
13%
Pisarz Francesco Petrarka
9%
Pisarz, filozof Niccolo Machiavelli
9%
Malarz Tycjan
9%
Malarz Albrecht Durer
7%
Pisarz Giovanni Boccaccio
7%
Filozof Jan Hus
4%
Filozof Tomasz More
4%
Pisarz Szymon Szymonowic
2%
Pisarz Biernat z Lublina
0%
Malarz Pieter Breugel
0%
Nie znaleziono quizów pasujących do podanych kryteriów
Rozkład punktacji
Procent ludzi z każdym wynikiem
Percentyl według liczby udzielonych odpowiedzi
Twoja historia wyników
Nie rozwiązałeś tego quizu